Geochemical database for the Boulder Batholith and its satellitic plutons, southwest Montana /

Bibliographic Details
Corporate Author: Geological Survey (U.S.)
Other Authors: Du Bray, E. A.
Format: Government Document eBook
Language:English
Published: Reston, Va. : U.S. Geological Survey, 2009.
Edition:Version 1.0.
Series:Data series (Geological Survey (U.S.)) ; 454.
Subjects:
Online Access:https://purl.fdlp.gov/GPO/LPS115245

MARC

Tag First Indicator Second Indicator Subfields
LEADER 00000cam a2200000Ia 4500
001 in00002467653
005 20211202192207.0
006 m d f
007 cr mn|||||||||
008 090723s2009 vauab sb f000 0 eng d
035 |a (OCoLC)ocn427567576 
040 |a GPO  |c GPO  |d GPO  |d MvI  |d UtOrBLW 
043 |a n-us-mt 
049 |a WWW 
074 |a 0621-K (online) 
086 0 |a I 19.121:454 
245 0 0 |a Geochemical database for the Boulder Batholith and its satellitic plutons, southwest Montana /  |c by Edward A. du Bray [and others]. 
250 |a Version 1.0. 
264 1 |a Reston, Va. :  |b U.S. Geological Survey,  |c 2009. 
300 |a 1 electronic text, (iv, 13 pages) :  |b HTML, digital, PDF file. 
336 |a text  |b txt  |2 rdacontent 
337 |a computer  |b c  |2 rdamedia 
338 |a online resource  |b cr  |2 rdacarrier 
490 1 |a Data series ;  |v 454 
538 |a Mode of access: Internet from the USGS web site. Address as of 7/23/09: http://pubs.usgs.gov/ds/454/ ; current access available via PURL. 
500 |a Title from PDF title screen (viewed July 23, 2009). 
504 |a Includes bibliographical references (pages 11-13). 
500 |a Electronic resource. 
650 0 |a Geochemical surveys  |z Montana  |v Databases. 
650 0 |a Geological mapping  |z Montana  |v Databases. 
651 0 |a Boulder Batholith (Mont.) 
776 0 8 |i CD-ROM version:  |t Geochemical database for the Boulder batholith and its satellitic plutons, southwest Montana  |h 1 CD-ROM  |w (OCoLC)427853467 
700 1 |a Du Bray, E. A. 
710 2 |a Geological Survey (U.S.) 
830 0 |a Data series (Geological Survey (U.S.)) ;  |v 454. 
856 4 0 |u https://purl.fdlp.gov/GPO/LPS115245  |t 0 
999 |a MARS 
999 f f |s 0fab44c7-24cc-31b4-b5dc-973cde2b8325  |i 26ae8bc7-37e3-3bb8-b88e-a754ff81a029  |t 0 
952 f f |a Texas A&M University  |b College Station  |c Electronic Resources  |d Available Online  |t 0  |e I 19.121:454  |h Superintendent of Documents classification 
998 f f |a I 19.121:454  |t 0  |l Available Online